ARRUPE JESUIT UNIVERSITY

CORONAVIRUS -STOP THE SPREAD - CLEAN,DISINFECT,COVER

The development of logical empiricism. (Record no. 128187)

MARC details
000 -LEADER
fixed length control field 01003cam a22002771 4500
001 - CONTROL NUMBER
control field 9304872
003 - CONTROL NUMBER IDENTIFIER
control field ARRUPE
005 - DATE AND TIME OF LATEST TRANSACTION
control field 20180919123349.0
008 - FIXED-LENGTH DATA ELEMENTS--GENERAL INFORMATION
fixed length control field 721229s1951 ilu b 000 0 eng c
010 ## - LIBRARY OF CONGRESS CONTROL NUMBER
LC control number a 51003740
035 ## - SYSTEM CONTROL NUMBER
System control number (OCoLC)526281
040 ## - CATALOGING SOURCE
Original cataloging agency Chicago. Univ. Libr.
Transcribing agency ODaWU
Modifying agency OCoLC
-- DLC
042 ## - AUTHENTICATION CODE
Authentication code premarc
050 00 - LIBRARY OF CONGRESS CALL NUMBER
Classification number B824.6. J64
Item number .I5 vol. 2, no. 9
082 ## - DEWEY DECIMAL CLASSIFICATION NUMBER
Classification number 146
300 ## - PHYSICAL DESCRIPTION
Dimensions 25 cm.
100 1# - MAIN ENTRY--PERSONAL NAME
Personal name Jørgensen, Jørgen,
Dates associated with a name 1894-
9 (RLIN) 42322
245 14 - TITLE STATEMENT
Title The development of logical empiricism.
Statement of responsibility, etc Joergen Joergennsen
260 ## - PUBLICATION, DISTRIBUTION, ETC. (IMPRINT)
Place of publication, distribution, etc Chicago,
Name of publisher, distributor, etc University of Chicago Press
Date of publication, distribution, etc [1959]
300 ## - PHYSICAL DESCRIPTION
Extent iii, 100 p.
490 1# - SERIES STATEMENT
Series statement International encyclopedia of unified science. Foundations of the unity of science,
Volume number/sequential designation v. 2, no. 9
504 ## - BIBLIOGRAPHY, ETC. NOTE
Bibliography, etc "Notes and bibliography": p. 87-90.
650 #0 - SUBJECT ADDED ENTRY--TOPICAL TERM
Topical term or geographic name as entry element Logical positivism.
9 (RLIN) 5718
830 #0 - SERIES ADDED ENTRY--UNIFORM TITLE
Uniform title International encyclopedia of unified science ;
Volume number/sequential designation v. 2, no. 9.
9 (RLIN) 42323
906 ## - LOCAL DATA ELEMENT F, LDF (RLIN)
a 7
b cbc
c oclcrpl
d u
e ncip
f 19
g y-gencatlg
942 ## - ADDED ENTRY ELEMENTS (KOHA)
Source of classification or shelving scheme Library of Congress Classification
Koha item type Monograph ( Printed materials)
Holdings
Withdrawn status Lost status Source of classification or shelving scheme Damaged status Not for loan Collection code Home library Current library Shelving location Date acquired Total Checkouts Full call number Barcode Date last seen Price effective from Koha item type
    Library of Congress Classification     Main Collection ARRUPE LIBRARY ARRUPE LIBRARY Main Collection 19/09/2018   B824.6. J64 46600002071 19/09/2018 19/09/2018 Monograph ( Printed materials)

 

Arrupe Library. PO Box MP320 Mt Pleasant, Harare, Zimbabwe
263 242 745411|librarian@aju.ac.zw